| 000 | 00481cac a22001571u 4500 | ||
|---|---|---|---|
| 090 | _c9470 | ||
| 008 | 081111t2004 xxu||||| |||| 00| 0 eng d | ||
| 020 | _a0335212026 | ||
| 020 | _a0335212018 | ||
| 082 |
_a300.72 _bDEL |
||
| 245 |
_aSuccessful Research Careers : _cSara Delamont and Paul Atkinson. |
||
| 260 |
_aMaidenhead : _bOpen University Press, _cc2004. |
||
| 300 |
_a214 p.; _c24 cm. |
||
| 504 | _aIncludes bibliographical references and index | ||
| 942 |
_cBB _k300.72DEL _2ddc |
||
| 999 |
_c9470 _d9470 |
||